000 00825cam a22002054a 4500
005 20250605164143.0
008 250528s ||||||||||||||||||||||||d
035 _a19047
020 _a9600103135
040 _aGR-AtMCL
_bgre
_dGR-AtMCL
_eAACR2
245 1 _aΗμερήσιες Προγραμματισμένες Δραστηριότητες για το Νηπιαγωγείο / Με βάση το βιβλίο Νηπιαγωγού του Υπ. Παιδείας
250 _a
260 _bGutenberg,
_c1991
300 _a336
520 _aΠρόλογος, Διάγραμμα Ημερήσιας Απασχόλησης Νηπίων, Κείμενα - Πίνακες, Βιβλιογραφία.
700 1 _aΝικολάου-Κουρκάκη Ελένη
_95316
942 _cBK
999 _c4331
_d4331